Loading...
| Current Events | 2 | 25.00 | 100% | 100% | 50% |
| Fine Arts - Classical Music | 4 | 7.50 | 75% | 0% | 0% |
| Fine Arts - Other | 5 | 12.00 | 100% | 20% | 0% |
| Fine Arts - Painting and Sculpture | 4 | 20.00 | 100% | 75% | 25% |
| Geography | 2 | 25.00 | 100% | 100% | 50% |
| History - American | 5 | 24.00 | 100% | 80% | 60% |
| History - European | 4 | 12.50 | 50% | 75% | 0% |
| History - Other | 5 | 16.00 | 100% | 60% | 0% |
| History - World | 3 | 23.33 | 100% | 67% | 67% |
| Literature - American | 4 | 12.50 | 100% | 25% | 0% |
| Literature - British | 5 | 10.00 | 100% | 0% | 0% |
| Literature - European | 5 | 12.00 | 100% | 20% | 0% |
| Literature - World | 3 | 10.00 | 100% | 0% | 0% |
| Mythology | 5 | 16.00 | 100% | 60% | 0% |
| Philosophy | 2 | 20.00 | 100% | 100% | 0% |
| Popular Culture | 3 | 20.00 | 100% | 33% | 67% |
| Religion | 3 | 13.33 | 67% | 67% | 0% |
| Science - Biology | 8 | 15.00 | 75% | 63% | 13% |
| Science - Chemistry | 5 | 16.00 | 100% | 60% | 0% |
| Science - Other | 4 | 15.00 | 75% | 75% | 0% |
| Science - Physics | 4 | 12.50 | 100% | 25% | 0% |
| Social Science | 6 | 11.67 | 83% | 33% | 0% |